00359pab a2200121 454500008004000000100002200040245011100062260000900173300001100182362000900193650002400202773001100226180718b1990 xxu||||| |||| 00| 0 eng d aWegelin, Emiel A. aNew approaches in urban services deliverybA comparison of emerging experience in selected Asian countries c1990 a244-58 aAug. aUrbanisation - Asia aCities